NewJeans all song - Statistics

General Stats
  • This quiz has been taken 152 times
    151 since last reset
  • The average score is 18 of 22
Answer Stats
Answer % Correct
OMG
99%
Supernatural
99%
How Sweet
97%
Attention
95%
Ditto
95%
Super Shy
95%
Hype Boy
92%
ETA
91%
Get Up
91%
Bubble Gum
90%
New Jeans
89%
ASAP
87%
Cookie
87%
Cool With You
86%
Gods
86%
Hurt
84%
Right Now
82%
Tell Me
82%
Zero
78%
Beautiful Restriction
52%
Our Night is more beautiful than your Day
52%
Be Who You Are
37%
No matching quizzes found
Score Distribution
Percent of People with Each Score
Percentile by Number Answered
Your Score History
You have not taken this quiz since the last reset